00968nam a2200241 i 450000100060000000300090000600500170001500700030003200800410003502000180007608000390009408000190013324500690015226000560022130000220027760000650029965000360036470000520040071001130045285200220056599900170058795201220060413290ES-MaACL20250902185722.0t|980126s1997 sp ||||1| spa d a84-88973-56-X a061.75 Castro y Bravo, Federico de a34(460)(082.2)00aConferencias en homenaje al profesor Federico de Castro y Bravo. aMadrid : bCentro de Estudios Registrales, c[1997] a198 p. ; c23 cm.14aCastro y Bravo, Federico de, d1903-1983- vHomenajes936966 4aDerecho civil-zEspaña9116591 aCastro y Bravo, Federico de, d1903-19839369652 aColegio de Registradores de la Propiedad y Mercantiles de España.bCentro de Estudios Registrales.9162314 aES-MaACLjL-20622 c13290d13290 00104070aATENEOMbATENEOMcDEPO2d2008-01-17eSCl0oL-20622p1013533r2023-02-23 00:00:00w2023-02-23yMONOGRAFIA